Регионална библиотека "Любен Каравелов" - Русе

Южни бури (Запис номер 496937)

MARC детайли
000 -Лидер
Контролно поле с фиксирана дължина 01189nam a2200301 a 4500
003 - Код на организацията, давaща контролен номер
Контролно поле BLK
005 - Дата и час на последна редакция
Контролно поле 20250405115527.0
008 - Елементи от данни с фиксирана дължина
fixed length control field 210816b bu |||||r|||| 00| | bu d
020 ## - Международен стандартен номер на книга ISBN
Международен стандартен номер на книга ISBN 9789542730446
040 ## - Източник на каталожния запис
Идентификатор на билиотеката - собственик на записа BLK
041 ## - Код за език
Код за езика на текст/звукозапис или на отделно заглавие Български
Код за езика КДБФ Български
080 ## - УДК
Текстов определител УДК Американска литература (на САЩ)
УДК код - определител по УДК 821.111(73)
УДК определител -31
УДК - код + определител 821.111(73)-31
100 ## - Редна дума - Автор
R(LIN) 489381
Автор Чери, Бритъни С.
Авторска отговорност първи автор
139 ## - Редно поле
Авторски знак Чере - Ч 68
245 ## - Сведения за заглавието
Заглавие Южни бури
Редно поле (дума) Бритъни С. Чери ; прев. от англ. Милена Илиева
260 ## - Област на издателските данни
9 (RLIN) 401640
Място на издаване, разпространение и проч. София
Име на издателя, разпространителя и проч. Уо
Година на издаване 2023
Информация за издателството търг. марка на Егмонт България
300 ## - Физическа характеристика
Страници 350 с.
Размери/Мащаб 20 см
380 ## - Жанр
Жанр Худож. лит.
490 ## - СЕРИИ (Колекции)
9 (RLIN) 490796
Име на серия Компас
№: серия Кн. 1
500 ## - Общи забележки
Забележка Ориг. загл.: Southern storms / Brittainy Cherry<br/>Уо - търг. марка на Егмонт България
700 ## - Други автори (авторска отговорност)
9 (RLIN) 347914
Лично име Илиева, Милена Мичева
Автороска отговорност (Описва отношението между автора и произведението) прев. от англ.
852 ## - Местоположение
Форматна сигнатура Цб 319879
942 ## - АРТИКУЛИ
Вид на библиотечния материал Книги
Скрит в OPAC Не
Периодичен библиозапис Да
Koha issues (borrowed), all copies 31
944 ## - СЪЗДАВАНЕ И РЕДАКЦИЯ на ЗАПИСА
Дата на регистрацията/редакция Нора Радева
Служител, извършил регистрацията/редакцията 30545
Статус, дата на статуса Нора Радева
999 ## - СИСТЕМНИ КОНТРОЛНИ НОМЕРА
Koha biblionumber 496937
Koha biblioitemnumber 496937
999 ## - СИСТЕМНИ КОНТРОЛНИ НОМЕРА
Koha biblioitemnumber 496937
999 ## - СИСТЕМНИ КОНТРОЛНИ НОМЕРА
Koha biblioitemnumber 496937
999 ## - СИСТЕМНИ КОНТРОЛНИ НОМЕРА
Koha biblioitemnumber 434202
Наличности
Код за отписване Код за изгубен артикул Източник на класификационната схема Код за повреда Коз за рестрикции Код за отдаване Артикулен № Име на библиотеката - собственик Име на библиотеката, в която се намира в момента Статус (Текущо местоположение) Дата на вписване в системата Местоположение - отдел Цена в лева Инвентарен номер Систематично азбучна сигнатура Баркод Цена в евро Служебен тип на артикула
  Не е изгубен Universal Decimal Classification Не е повреден само за читалня ползва се в читалня 935402 Регионална библиотека "Любен Каравелов" Русе Регионална библиотека "Любен Каравелов" Русе Хранилище 2023-10-31 Хранилище 16.90 120000894485 Цб 319879 120000894485 8.64 Книги
  Не е изгубен Universal Decimal Classification Не е повреден   заемане за дома 940910 Регионална библиотека "Любен Каравелов" Русе Регионална библиотека "Любен Каравелов" Русе Заемна - подръчен фонд 2024-03-12 Заемна - подръчен фонд 12.34 120000899938 821-31/Ч 68 Б 120000899938 6.31 Книги
  Не е изгубен Universal Decimal Classification Не е повреден   заемане за дома 940911 Регионална библиотека "Любен Каравелов" Русе Регионална библиотека "Любен Каравелов" Русе Количка 2024-03-12 Заемна - подръчен фонд 12.34 120000899939 821-31/Ч 68 Б 120000899939 6.31 Книги
Vip Innovations Ltd, Rousse, Bulgaria 2025